| 000 | 00330nam a22001337a 4500 | ||
|---|---|---|---|
| 005 | 20250603115205.0 | ||
| 008 | 250603b |||||||| |||| 00| 0 eng d | ||
| 050 |
_aBV811 _b.2.M3 MAR |
||
| 100 | _aMARTY, MARTIN E. | ||
| 245 | _aBAPTISM | ||
| 260 |
_aPHILADELPHIA _bMUHLENBERG PRESS _cc1962 |
||
| 300 | _aix, 61p | ||
| 942 |
_2lcc _cBK _n0 |
||
| 999 |
_c6204 _d6204 |
||